| 000 | 00350nam a2200109Ia 4500 | ||
|---|---|---|---|
| 008 | 171204s9999 xx 000 0 und d | ||
| 245 | _aedX E-Learning Course Development: | ||
| 245 | _cMatthew A. Gilbert | ||
| 260 | _c2015 | ||
| 650 | _xField Study 3: Technology in the Learning Environment | ||
| 856 | _uhttp://down.ebook777.com/046/9781783981809.pdf | ||
| 999 |
_c345804 _d345804 |
||